The Dacca law reports : a monthly law journal. Volume XXIV /

Podrobná bibliografie
Další autoři: Chowdhury, Obaidul Haque
Médium: Kniha
Jazyk:English
Vydáno: Dacca [Bangladesh] : Dhaka Law Reports, 1972.
Témata:
Classic Catalogue: View this record in Classic Catalogue
LEADER 01532nam a2200313 a 4500
001 0020917
003 BD-DhAAL
008 100927s1972 bg w 000 0 eng d
040 |a BD-DhAAL  |c BD-DhAAL 
082 0 0 |a 348.5492046 
130 0 |a DLR  |9 3995 
245 0 4 |a The Dacca law reports :  |b a monthly law journal.  |n Volume XXIV /  |c Obaidul Haque Chowdhury, editor. 
246 1 7 |a The Dhaka Law Reports. 
260 |a Dacca [Bangladesh] :  |b Dhaka Law Reports,  |c 1972. 
300 |a 254, 322 p. ;  |c 25 cm 
362 0 |a Vol. 24 (1972) 
500 |a "A journal of law reports." 
500 |a Latest issue consulted: Vol. XXIV, April-December, 1972 
526 |a SOL  |x Saira Rahman Khan, Associate Professor School of Law BRAC University  
541 |e 0022308, 0020916  |a Anupam Gyan Bhandar 
590 |a Published yearly. 
650 0 |a Law reports, digests, etc.  |z Bangladesh.  |9 3996 
650 0 |a Law reports, digests, etc.  |z India  |z Bengal.  |9 3997 
700 1 |a Chowdhury, Obaidul Haque.  |9 1137 
852 1 |a Ayesha Abed Library  |c Reference shelf  
942 |2 ddc  |c 1HOUR 
999 |c 10714  |d 10714 
952 |0 0  |1 0  |2 ddc  |4 0  |6 348_549204600000000_DAC  |7 0  |8 REF  |9 16128  |a BRACUL  |b BRACUL  |c REF  |d 2011-04-19  |l 1  |o 348.5492046 DAC  |p 3010022309  |r 2015-07-28  |s 2015-07-28  |t 2  |w 2011-04-19  |y 1HOUR 
952 |0 0  |1 0  |2 ddc  |4 0  |6 348_549204600000000_DAC  |7 0  |8 REF  |9 23970  |a BRACUL  |b BRACUL  |c REF  |d 2014-03-18  |e Anupam Gyan Bhandar  |l 0  |o 348.5492046 DAC  |p 3010020917  |r 2014-03-18  |t 1  |w 2014-03-18  |y 1HOUR  |x Requisitioned by Saira Rahman Khan, Associate Professor, School of Law, BRAC University.